Derecho y Humanismo. En la expansión ultramarina portuguesa y castellana. Alonso de Cartagena. Allegationes super conquesta insularum Canariae. (1435).

Uloženo v:
Podrobná bibliografie
Hlavní autor: Rojas Donat, Luis (traducción, estudio crítico)
Další autoři: Herrera Cajas, Héctor Enrique (autor)
Médium: Kniha
Jazyk:španělština
Vydáno: Chillán, Chile: Universidad del Bío-Bío; Facultad de Educación y Humanidades; Departamento de Ciencias Sociales, 2001.
Vydání:Primera edición.
Edice:Investigación y Docencia. 11.
Témata:
Tagy: Přidat tag
Žádné tagy, Buďte první, kdo vytvoří štítek k tomuto záznamu!

MARC

LEADER 00000nam a2200000 a 4500
001 UCN2597
003 CL-VaPUC
005 20240417113828.0
008 010530e20010000CL |||||||||||||||||spa|d
999 |c 295651  |d 295649 
022 |2 0717-1679 
040 |c Pontificia Universidad Católica de Valparaíso 
082 0 4 |a 341.4 ROJ 2001  |2 21 
100 |a Rojas Donat, Luis  |9 458608  |e traducción 
245 1 0 |a Derecho y Humanismo. En la expansión ultramarina portuguesa y castellana.  |b Alonso de Cartagena. Allegationes super conquesta insularum Canariae. (1435). 
250 |a Primera edición. 
260 |a Chillán, Chile:  |b Universidad del Bío-Bío;  |b Facultad de Educación y Humanidades;  |b Departamento de Ciencias Sociales,   |c 2001. 
300 |a 91 páginas. 
490 0 |a Investigación y Docencia.  |v 11. 
500 |a c.5 Donación Familia Prof. Alejandro Guzmán Brito. 
583 |a last modification  |c 20010530 00:00:00  |k Rodrigo Vera 
650 0 |a Derecho internacional  |9 255637 
650 0 |a Derechos humanos  |9 223025 
650 0 |a Relaciones Internacionales  |9 255740 
650 0 |a Conflicto internacional  |9 341259 
700 |a Herrera Cajas, Héctor Enrique   |e autor  |9 888385 
700 |a Rojas Donat, Luis  |9 458608  |e estudio crítico 
942 |c BK  |2 ddc  |n 0 
945 |d 20010530 00:00:00  |a cmena 
952 |0 0  |1 0  |2 ddc  |4 0  |6 341_400000000000000_ROJ_2001  |7 0  |8 A  |9 348946  |a BIBHIS  |b BIBHIS  |d 2019-11-20  |i 3720624  |o 341.4 ROJ 2001  |p 3720624  |r 2025-01-20  |t 1  |w 2019-11-20  |y BK  |k HIS 
952 |0 0  |1 0  |2 ddc  |4 0  |6 341_400000000000000_ROJ_2001  |7 0  |8 A  |9 348947  |a BIBHIS  |b BIBHIS  |d 2019-11-20  |i 3720640  |o 341.4 ROJ 2001  |p 3720640  |r 2025-01-20  |t 3  |w 2019-11-20  |y BK  |k HIS 
952 |0 0  |1 0  |2 ddc  |4 0  |6 341_400000000000000_ROJ_2001  |7 0  |8 A  |9 348948  |a BIBHIS  |b BIBHIS  |d 2019-11-20  |i 3720632  |o 341.4 ROJ 2001  |p 3720632  |r 2025-01-20  |t 2  |w 2019-11-20  |y BK  |k HIS 
952 |0 0  |1 0  |2 ddc  |4 0  |6 341_400000000000000_ROJ_2001  |7 0  |8 DER_HDC  |9 508727  |a BIBDER  |b BIBDER  |d 2020-01-24  |i 5616565  |l 2  |m 5  |o 341.4 ROJ 2001  |p 5616565  |r 2023-12-07  |s 2022-08-16  |t 4  |w 2020-01-24  |x Ubicación 4to Piso  |y BK  |z Estos recursos deben solicitarse con anticipación  |k DER 
952 |0 0  |1 0  |2 ddc  |4 0  |6 341_400000000000000_ROJ_2001  |7 1  |8 C_AGB  |9 580351  |a BIBDER  |b BIBDER  |d 2022-01-11  |e Donación   |i 5636809  |o 341.4 ROJ 2001  |p 5636809  |r 2023-01-25  |t 5  |w 2022-01-11  |y BK_US  |k AGB